Maintenance and Reliability Best Practices /

Touted by maintenance and reliability professionals around the world as a "must-read for anyone who wants to stay competitive in today's industrial environment," and "By far the best book on maintenance management," Maintenance and Reliability Best Practices is an even more...

Full description

Bibliographic Details
Main Author: Gulati, Ramesh (Author)
Corporate Author: Knovel (Firm)
Format: Book
Language:English
Published: [S.l.]: Industrial Press, Inc., 2020.
Subjects:
Online Access:Connect to the full text of this electronic book

MARC

Tag First Indicator Second Indicator Subfields
LEADER 00000cam a2200000 4500
001 in00005682012
005 20260205211058.3
006 m o d
007 cr unu||||||||
007 tz
008 241128s2020 xx o ||| 0 eng d
040 |a CLOUD  |b eng  |c CLOUD  |d N$T  |d OCLCQ  |d OCLCO  |d OCLCQ  |d OCLCL 
020 |a 083119538X 
020 |a 9780831195380  |q (electronic bk.) 
035 |a (OCoLC)1475776519 
037 |a 3gvmc89  |b cloudLibrary  |n https://yourcloudlibrary.com 
050 4 |a TA168 
072 7 |a BUS053000  |2 bisacsh 
072 7 |a BUS000000  |2 bisacsh 
072 7 |a BUS082000  |2 bisacsh 
072 7 |a BUS087000  |2 bisacsh 
072 7 |a BUS093000  |2 bisacsh 
072 7 |a TEC020000  |2 bisacsh 
072 7 |a TEC000000  |2 bisacsh 
072 7 |a TEC029000  |2 bisacsh 
072 7 |a TEC032000  |2 bisacsh 
072 7 |a TEC062000  |2 bisacsh 
082 0 4 |a 620 
049 |a TXAM 
100 1 |a Gulati, Ramesh.  |4 aut 
245 1 0 |a Maintenance and Reliability Best Practices /  |c Ramesh Gulati. 
260 |a [S.l.]:  |b Industrial Press, Inc.,  |c 2020. 
300 |a 1 online resource (768 p.) 
336 |a text  |b txt  |2 rdacontent 
337 |a computer  |b c  |2 rdamedia 
338 |a online resource  |b cr  |2 rdacarrier 
520 |a Touted by maintenance and reliability professionals around the world as a "must-read for anyone who wants to stay competitive in today's industrial environment," and "By far the best book on maintenance management," Maintenance and Reliability Best Practices is an even more useful resource in its new 3rd edition. Now in 2-colors to clearly identify main ideas and emphasize important data in illustrations, the book also includes additional self-assessment questions in each chapter. The entire work has been updated to reflect the latest developments in technology and thinking, with innovative material related to leadership, change management, ISO standards, maintenance optimization, and communication, while sticking to the practical, common-sense approach that led readers to call it "a great book for developing a road map to reliability," and "the perfect guide for setting up an effective maintenance program." For anyone in the fields of engineering, purchasing, finance, maintenance, reliability, or production, and especially for those preparing to sit for a professional maintenance and reliability certification, there's simply no better tool or resource than renowned Ramesh Gulati's Maintenance and Reliability Best Practices, 3e. Features 40% additional questions throughout the book, making it easier for those preparing to sit for a professional maintenance and reliability exam to learn and study pertinent topics. New chapter on standards, with particular focus on ISO 55000. Discussion of new and future trends, such as Industry 4.0, Maintenance 4.0, IIOT, and their impact on productivity. An affiliated Workbook is available for sale separately (978-0-8311-3648-2). 
521 |a Professional and scholarly. 
521 |a General adult. 
588 1 |a Online resource; title from digital title page (cloudLibrary, viewed November 28, 2024). 
650 0 |a Systems engineering  |x Management. 
650 0 |a Reliability. 
650 6 |a Ingénierie des systèmes  |x Gestion. 
650 6 |a Fidélité. 
650 7 |a Quality Control.  |2 bisacsh 
650 7 |a BUSINESS & ECONOMICS.  |2 bisacsh 
650 7 |a Industrial Management.  |2 bisacsh 
650 7 |a Production & Operations Management.  |2 bisacsh 
650 7 |a Facility Management.  |2 bisacsh 
650 7 |a Manufacturing.  |2 bisacsh 
650 7 |a TECHNOLOGY & ENGINEERING.  |2 bisacsh 
650 7 |a Operations Research.  |2 bisacsh 
650 7 |a Project Management.  |2 bisacsh 
655 7 |a Electronic books.  |2 local 
710 2 |a Knovel (Firm) 
856 4 0 |u http://proxy.library.tamu.edu/login?url=https://app.knovel.com/hotlink/toc/id:kpMRBPE012/maintenance-and-reliability?kpromoter=marc  |z Connect to the full text of this electronic book  |t 0 
936 |a BATCHLOAD 
955 |a Knovel ebooks 
994 |a 92  |b TXA 
999 f f |i a86dcd37-e7bb-47af-b731-1d828a5a1122  |s 41dab0c5-34f7-4873-b497-c8ca6ee55174  |t 0 
952 f f |a Texas A&M University  |b College Station  |c Electronic Resources  |s www_evans  |d Available Online  |t 0  |e TA168   |h Library of Congress classification 
998 f f |a TA168   |t 0  |l Available Online